000 00241nam a2200097Ia 4500
001 1222298
005 20250827092845.0
008 250824s9999 xx 000 0 und d
245 0 _a16.50 TRENİ
_cAGATHA CHRİSTİE
260 _bALTIN KİTAPLAR
999 _c1222298
_d1222298